000 01178nam a2200337 a 4500
001 000114822
003 CHAP
005 20220329144500.0
008 180424s2017 mx a |rl l||0|0|spa d
010 _a111283
011 _a112255
020 _a9786075410492
040 _cCHAP
082 0 4 _a379.30972
_bG18
100 1 _aGama Tejeda, Francisco Antonio
_9135199
245 0 _aMercadización de la educación superior :
_bmarcos de análisis para la educación superior privada en México /
_cpor Francisco Antonio Gama Tejeda.
260 _aMéx. :
_bANUIES,
_c2017.
300 _a101 p.
490 _aTemas de hoy en la educación superior
_v036
590 _aE8697GMM
_b05
_c20180424
_lUCH01
_h0859
590 _aE8697GMM
_b05
_c20180424
_lUCH01
_h0908
590 _aE8697GMM
_b05
_c20180424
_lUCH01
_h0927
650 1 4 _aEducación superior
_xEvaluación.
_935633
650 1 4 _aEducacion superior
_zCalidad.
_935403
650 1 4 _aEducacion superior
_zMéxico.
_935406
650 1 4 _aEducación
_xAspectos económicos
_xMéxico.
_935414
830 0 0 _aColección Biblioteca de la Educación Superior. Serie estudios
_924720
901 _aBK
942 _cLIBRO
942 _n0
999 _c111283
_d111283